01253 am a2200349 a 450000500170000000800410001702000150005804100080007309200220008110000220010324501180012525000120024326000290025530000160028450001490030065300210044965300220047065300290049265300090052165300480053065300280057865300090060665300160061565300360063165300290066765300430069665300170073993000090075694200120076599900130077795201130079020240625100245.0100317s2000||||xxua f |||| 001 0 eng d a0912912065 aeng c616.0757l18sDUB1 aDubin, Dale.9316 aRapid Interpretation of EKG's.bDr. Dubin's classic, simplified methology for under standing EKG's /cDale Dubin. a6th ed. aFlorida: bCover;c2000. a368 p.bil. aDubin, D. (2000). Rapid Interpretation of EKG's. Dr. Dubin's classic, simplified methology for under standing EKG's. (6th ed.). Florida : Cover. aBasic principles aRecording the EKG aAutonomic nervous system aRate aRhythm, part I: arrhythmias of focal origin aRhythm, part II: blocks aAxis aHypertrophy aInfarction (includes hemiblock) aCardiac monitor displays aPersonal quick reference sheets (PQRS) aEKG tracings a1651 2ddccBK c137d137 00104070aBFMbBFMcCRd2011-05-13l6o616.0757 18 DUBp1651r2026-03-26s2026-03-20tej.1w2011-05-13yBK